000
00154nam a22000857a 4500
082
_a
823
100
_a
EMILY HUTTA
245
_a
HANSEL AND GRETEL
942
_c
BK
999
_c
8398
_d
8398